000
00252nam a22000977a 4500
999
_c
11792
_d
11792
008
200217b ||||| |||| 00| 0 eng d
020
_a
0570090288
100
_a
Ulmer Louise
_9
7474
245
_a
Good Friday
260
_a
USA
_b
Concordia Publishing House
_c
1992